[Event "Mistrovstvi CR senioru 2016 nad 60 let"]
[Site "Pelclovo divadlo Rychnov nad K"]
[Date "2016.08.28"]
[Round "9.15"]
[White "Vlachopulos, Georgis"]
[Black "Koci, Ladislav"]
[Result "1/2-1/2"]
[WhiteElo "1908"]
[BlackElo "1862"]
[PlyCount "43"]
[EventDate "2016.08.20"]

1. e4 c5 2. Nf3 d6 3. d4 cxd4 4. Nxd4 Nf6 5. Nc3 a6 6. a4 Nc6 7. Be2 e6 8. Be3
Be7 9. Qd2 Qc7 10. f4 O-O 11. O-O Bd7 12. g4 Nxd4 13. Qxd4 e5 14. Qd1 Bc6 15.
Bf3 exf4 16. Bxf4 Qb6+ 17. Kh1 Qxb2 18. Qd2 Qb6 19. g5 Nd7 20. Bxd6 Bxd6 21.
Qxd6 Qc5 22. Qd2 1/2-1/2

[Event "Mistrovstvi CR senioru 2016 nad 60 let"]
[Site "Pelclovo divadlo Rychnov nad K"]
[Date "2016.08.28"]
[Round "9.16"]
[White "Pavlis, Jaromir"]
[Black "Wiedermann, Jan"]
[Result "1/2-1/2"]
[WhiteElo "1903"]
[BlackElo "1779"]
[PlyCount "59"]
[EventDate "2016.08.20"]

1. Nf3 d5 2. d4 Nf6 3. g3 Bg4 4. Bg2 h6 5. O-O e6 6. Bf4 Bd6 7. Bxd6 Qxd6 8.
Ne5 Bf5 9. c3 O-O 10. Nd2 Nbd7 11. Nxd7 Nxd7 12. e4 dxe4 13. Nxe4 Bxe4 14. Bxe4
c6 15. Qb3 Nf6 16. Bg2 Rab8 17. Qa4 Ra8 18. Rad1 Rfd8 19. Rfe1 Qc7 20. Re5 Qb6
21. Qc2 Rd7 22. Rde1 Rad8 23. h3 Rd6 24. Qb3 Qc7 25. R5e2 R6d7 26. Qc4 Qa5 27.
Re5 Qb6 28. Qb3 Qc7 29. Qc4 Qb6 30. Qb3 1/2-1/2

[Event "Mistrovstvi CR senioru 2016 nad 60 let"]
[Site "Pelclovo divadlo Rychnov nad K"]
[Date "2016.08.28"]
[Round "9.17"]
[White "Perik, Alois"]
[Black "Chladek, Vaclav"]
[Result "1/2-1/2"]
[WhiteElo "1829"]
[BlackElo "2071"]
[PlyCount "65"]
[EventDate "2016.08.20"]

1. c4 d5 2. cxd5 Nf6 3. Nc3 e6 4. d4 exd5 5. Nf3 c6 6. Bg5 Bb4 7. a3 Bxc3+ 8.
bxc3 Qa5 9. Qb3 Ne4 10. Bd2 O-O 11. e3 Nd7 12. Bd3 Ndf6 13. O-O Bg4 14. Be1
Bxf3 15. gxf3 Ng5 16. Qd1 Qc7 17. Kh1 b5 18. Rg1 h6 19. f4 Nge4 20. Qf3 Kh8 21.
Qg2 Rg8 22. f3 Nd6 23. f5 Rae8 24. Bd2 Qd7 25. Qh3 Nc4 26. Bxc4 bxc4 27. Rae1
Kh7 28. Rg2 Re7 29. Rge2 Rge8 30. Rg1 Rg8 31. Rge1 Rge8 32. Rg1 Rg8 33. Rge1
1/2-1/2

[Event "Mistrovstvi CR senioru 2016 nad 60 let"]
[Site "Pelclovo divadlo Rychnov nad K"]
[Date "2016.08.28"]
[Round "9.19"]
[White "Pribyl, Jaroslav"]
[Black "Pokorny, Jan"]
[Result "1-0"]
[WhiteElo "1964"]
[BlackElo "1853"]
[PlyCount "27"]
[EventDate "2016.08.20"]

1. e4 c5 2. Nf3 Nc6 3. Nc3 d6 4. Bb5 Bd7 5. O-O a6 6. Bxc6 Bxc6 7. d4 b5 8.
dxc5 dxc5 9. Qe2 b4 10. Rd1 Qb8 11. Nd5 e6 12. Bf4 Bd6 13. Bxd6 Qxd6 14. Nf6+
1-0

[Event "Mistrovstvi CR senioru 2016 nad 60 let"]
[Site "Pelclovo divadlo Rychnov nad K"]
[Date "2016.08.28"]
[Round "9.20"]
[White "Novotny, Jaroslav"]
[Black "Kolek, Josef"]
[Result "1-0"]
[WhiteElo "1926"]
[BlackElo "1796"]
[PlyCount "101"]
[EventDate "2016.08.20"]

1. e4 c5 2. Nf3 Nc6 3. d4 cxd4 4. Nxd4 g6 5. Nc3 Bg7 6. Be3 d6 7. Be2 Nf6 8.
O-O O-O 9. Qd2 Bd7 10. h3 a6 11. a4 Rc8 12. Nxc6 Bxc6 13. Bd3 e6 14. a5 d5 15.
Bb6 Qe8 16. Bc5 dxe4 17. Bxf8 Bxf8 18. Be2 Nd7 19. Rfd1 f5 20. Na4 Be7 21. b3
Kg7 22. Nb2 Bf6 23. Ra2 Ne5 24. Nc4 Bd5 25. Nd6 Qf8 26. Nxc8 Qxc8 27. c4 Bc6
28. Qd6 h5 29. b4 Nf7 30. Qc5 Qb8 31. b5 axb5 32. cxb5 Bd5 33. Bc4 Qf4 34. Bxd5
exd5 35. Qxd5 Be5 36. g3 Qf3 37. Qd2 f4 38. Qe2 Qb3 39. Rad2 Ng5 40. Rd7+ Kh6
41. h4 Nh3+ 42. Kf1 fxg3 43. Qe3+ Qxe3 44. fxe3 Nf2 45. R7d5 Bf6 46. a6 bxa6
47. bxa6 Bxh4 48. a7 Ng4 49. a8=Q Nxe3+ 50. Kg1 Nf5 51. Rxf5 1-0

[Event "Mistrovstvi CR senioru 2016 nad 70 let"]
[Site "Pelclovo divadlo Rychnov nad K"]
[Date "2016.08.28"]
[Round "9.2"]
[White "Holecek, Vladimir"]
[Black "Jacek, Miloslav"]
[Result "0-1"]
[WhiteElo "1921"]
[BlackElo "1977"]
[PlyCount "60"]
[EventDate "2016.08.20"]

1. e4 d5 2. exd5 Qxd5 3. Nc3 Qd6 4. d4 Nf6 5. Nf3 Bg4 6. h3 Bh5 7. g4 Bg6 8.
Bg2 Nc6 9. Be3 O-O-O 10. Qe2 Nb4 11. Rc1 e6 12. Ne5 Nbd5 13. Nxd5 Nxd5 14. O-O
Nxe3 15. fxe3 f6 16. Nxg6 hxg6 17. Qf3 c6 18. c3 Kb8 19. b4 Rd7 20. Qe2 Qg3 21.
Rf3 Qc7 22. Rff1 Bd6 23. Rfd1 Rhd8 24. a3 Bh2+ 25. Kh1 Bg3 26. c4 Qb6 27. Qf3
Bc7 28. Qe4 Qa6 29. Qxe6 Qxa3 30. b5 Re7 0-1

[Event "Mistrovstvi CR senioru 2016 nad 70 let"]
[Site "Pelclovo divadlo Rychnov nad K"]
[Date "2016.08.28"]
[Round "9.3"]
[White "Macura, Emil"]
[Black "Fiser, Jiri"]
[Result "1-0"]
[WhiteElo "1985"]
[BlackElo "1952"]
[PlyCount "67"]
[EventDate "2016.08.20"]

1. d4 Nf6 2. Nd2 g6 3. e4 d6 4. f4 Bg7 5. Ngf3 O-O 6. Bd3 c5 7. c3 e6 8. O-O
Nc6 9. Qe2 a6 10. e5 dxe5 11. fxe5 Nd5 12. Ne4 cxd4 13. cxd4 h6 14. a3 Qb6 15.
Qf2 Na5 16. b4 Nb3 17. Rb1 Nxc1 18. Rbxc1 Bd7 19. Nfd2 Bb5 20. Bxb5 axb5 21.
Nc5 Qd8 22. Nxb7 Qe7 23. Na5 h5 24. Ne4 Bh6 25. Rce1 Qc7 26. Qf3 Qb6 27. Qd3
Rac8 28. Nb3 Rc4 29. Nbc5 Nf4 30. Qd1 Rd8 31. Nd6 Rxd6 32. exd6 Qxd6 33. Re4 e5
34. dxe5 1-0

[Event "Mistrovstvi CR senioru 2016 nad 70 let"]
[Site "Pelclovo divadlo Rychnov nad K"]
[Date "2016.08.28"]
[Round "9.4"]
[White "Pavlu, Jiri"]
[Black "Pecka, Frantisek"]
[Result "0-1"]
[WhiteElo "1850"]
[BlackElo "2057"]
[PlyCount "60"]
[EventDate "2016.08.20"]

1. d4 d5 2. Bf4 e6 3. c3 Bd6 4. Bxd6 Qxd6 5. Nf3 Nf6 6. Nbd2 Nbd7 7. e3 O-O 8.
Bd3 b6 9. O-O Bb7 10. Qc2 e5 11. dxe5 Nxe5 12. Nxe5 Qxe5 13. Nf3 Qh5 14. Nd4 g6
15. Qe2 Qe5 16. Nf3 Qe7 17. Rad1 a6 18. c4 dxc4 19. Bxc4 b5 20. Bb3 c5 21. Bc2
Bd5 22. a4 Bc4 23. Bd3 Bb3 24. Bc2 bxa4 25. Bxb3 axb3 26. Qc4 Rfb8 27. Rc1 Ne4
28. Rfd1 a5 29. Nd2 Rb4 30. Qd5 Rd8 0-1

[Event "Mistrovstvi CR senioru 2016 nad 70 let"]
[Site "Pelclovo divadlo Rychnov nad K"]
[Date "2016.08.28"]
[Round "9.5"]
[White "Zikmund, Jaroslav"]
[Black "Most, Zdenek"]
[Result "0-1"]
[WhiteElo "1830"]
[BlackElo "2038"]
[PlyCount "46"]
[EventDate "2016.08.20"]

1. d4 Nf6 2. c4 g6 3. Nc3 d5 4. e3 Bg7 5. Bd3 O-O 6. Nf3 Bg4 7. h3 Bxf3 8. Qxf3
e6 9. O-O c6 10. Rd1 Nbd7 11. Qe2 Qe7 12. b3 Rfd8 13. Bb2 a5 14. a4 Nb8 15. Ba3
Qd7 16. Qb2 Na6 17. b4 dxc4 18. Bxc4 axb4 19. Bxb4 Nxb4 20. Qxb4 Qc7 21. e4 Ne8
22. d5 Bxc3 23. Qxc3 cxd5 0-1

[Event "Mistrovstvi CR senioru 2016 nad 70 let"]
[Site "Pelclovo divadlo Rychnov nad K"]
[Date "2016.08.28"]
[Round "9.6"]
[White "Vitek, Vaclav"]
[Black "Folta, Jaroslav"]
[Result "1/2-1/2"]
[WhiteElo "2035"]
[BlackElo "1767"]
[PlyCount "54"]
[EventDate "2016.08.20"]

1. e4 c6 2. d4 d5 3. exd5 cxd5 4. c3 Nf6 5. Bf4 Nc6 6. Bd3 Bg4 7. Qb3 Qc8 8.
Nd2 e6 9. Ngf3 Be7 10. Ne5 O-O 11. Nxg4 Nxg4 12. h3 Nf6 13. g4 a6 14. Bg3 b5
15. a3 Na5 16. Qc2 g6 17. f3 Nc4 18. Kf2 Qc6 19. Qc1 Bd6 20. Bh4 Be7 21. Ke2
Nxd2 22. Qxd2 Ne4 23. Qh6 Bxh4 24. Qxh4 Nd6 25. Qh6 Nc4 26. Ra2 e5 27. b3 e4
1/2-1/2

[Event "Mistrovstvi CR senioru 2016 nad 70 let"]
[Site "Pelclovo divadlo Rychnov nad K"]
[Date "2016.08.28"]
[Round "9.7"]
[White "Skokan, Zdenek"]
[Black "Laska, Zdenek"]
[Result "1/2-1/2"]
[WhiteElo "1967"]
[BlackElo "1869"]
[PlyCount "25"]
[EventDate "2016.08.20"]

1. e4 c5 2. Nf3 d6 3. d4 cxd4 4. Nxd4 Nf6 5. Nc3 a6 6. g3 e6 7. Bg2 Be7 8. O-O
O-O 9. Be3 Qc7 10. Qe2 Bd7 11. a4 Nc6 12. Nxc6 Bxc6 13. a5 1/2-1/2

[Event "Mistrovstvi CR senioru 2016 nad 70 let"]
[Site "Pelclovo divadlo Rychnov nad K"]
[Date "2016.08.28"]
[Round "9.8"]
[White "Tejkal, Jiri"]
[Black "Mutina, Antonin"]
[Result "1-0"]
[WhiteElo "1910"]
[BlackElo "1784"]
[PlyCount "87"]
[EventDate "2016.08.20"]

1. d4 Nf6 2. Nf3 d5 3. c4 c6 4. Nc3 Bg4 5. Ne5 Bh5 6. Qb3 b6 7. cxd5 Nxd5 8. e4
Nf6 9. Nxc6 Nxc6 10. Bb5 Rc8 11. d5 Qd6 12. Bxc6+ Rxc6 13. dxc6 Qxc6 14. O-O e6
15. Bg5 Be7 16. Rac1 Qd7 17. f3 O-O 18. Rfd1 Qb7 19. Be3 Nd7 20. Qb5 Nc5 21. b4
a6 22. Qc4 Nd7 23. a3 h6 24. Ne2 Bd8 25. Qc6 Qxc6 26. Rxc6 Ne5 27. Rc8 Bf6 28.
Rxf8+ Kxf8 29. Bxb6 Nc4 30. Bc5+ Ke8 31. Rd3 Nb2 32. Rb3 g5 33. Bd4 Bxd4+ 34.
Nxd4 Na4 35. Nc6 g4 36. Kf2 f5 37. Nb8 gxf3 38. gxf3 fxe4 39. fxe4 Bd1 40. Rh3
h5 41. Nxa6 Nb6 42. Nc5 Ke7 43. Rd3 Bc2 44. Rd2 1-0

[Event "Mistrovstvi CR senioru 2016 nad 70 let"]
[Site "Pelclovo divadlo Rychnov nad K"]
[Date "2016.08.28"]
[Round "9.9"]
[White "Truksa, Vaclav"]
[Black "Matoulek, Jaroslav"]
[Result "1-0"]
[WhiteElo "1883"]
[BlackElo "1616"]
[PlyCount "55"]
[EventDate "2016.08.20"]

1. d4 d5 2. Nf3 Nc6 3. Bf4 Nf6 4. h3 e6 5. e3 a6 6. c3 Bd6 7. Ne5 Bd7 8. Bd3 h6
9. Nd2 Ne7 10. Rc1 Rc8 11. a3 c5 12. Nxf7 Kxf7 13. Bxd6 cxd4 14. Bxe7 Kxe7 15.
exd4 Bc6 16. Nf3 Nd7 17. O-O Rf8 18. Nh4 Kd6 19. Ng6 Rf6 20. Qg4 Kc7 21. f4 Nf8
22. f5 Nxg6 23. fxg6 Rxf1+ 24. Rxf1 Qg8 25. Rf7+ Kb6 26. Qxe6 Re8 27. Qd6 Rb8
28. Qc5# 1-0

[Event "Mistrovstvi CR senioru 2016 nad 70 let"]
[Site "Pelclovo divadlo Rychnov nad K"]
[Date "2016.08.28"]
[Round "9.10"]
[White "Haderka, Karel"]
[Black "Tolar, Jan"]
[Result "1/2-1/2"]
[WhiteElo "1803"]
[BlackElo "1815"]
[PlyCount "70"]
[EventDate "2016.08.20"]

1. c4 f5 2. Nc3 e6 3. g3 Nf6 4. Bg2 d6 5. e3 c6 6. Nge2 e5 7. d4 e4 8. d5 g6 9.
b3 Bg7 10. Bb2 O-O 11. O-O c5 12. Nf4 Qe7 13. h4 Bd7 14. a4 a5 15. Nb5 Na6 16.
Qd2 b6 17. Rad1 Bxb5 18. axb5 Nc7 19. Qc2 Rfd8 20. Rd2 Ng4 21. Rfd1 Bxb2 22.
Qxb2 Ne5 23. Qc2 Rd7 24. Ra1 g5 25. hxg5 Qxg5 26. Qd1 Ng4 27. Bh3 h5 28. Bxg4
hxg4 29. Kf1 Rh7 30. Ke2 Qf6 31. Qc1 Ne8 32. Qb2 Qxb2 33. Rxb2 Raa7 34. Ne6 Nc7
35. Nf4 Ne8 1/2-1/2

[Event "Mistrovstvi CR senioru 2016 nad 70 let"]
[Site "Pelclovo divadlo Rychnov nad K"]
[Date "2016.08.28"]
[Round "9.11"]
[White "Brnak, Jan"]
[Black "Vlasak, Ladislav"]
[Result "1/2-1/2"]
[WhiteElo "1595"]
[BlackElo "1756"]
[PlyCount "82"]
[EventDate "2016.08.20"]

1. e4 e6 2. d4 d5 3. Nd2 c5 4. c3 cxd4 5. cxd4 dxe4 6. Bb5+ Nc6 7. Bxc6+ bxc6
8. Nxe4 Bb4+ 9. Nc3 Nf6 10. Nge2 O-O 11. O-O Nd5 12. Bd2 Qa5 13. a3 Bxc3 14.
bxc3 Qa6 15. Ng3 Qc4 16. Qc2 c5 17. dxc5 Qxc5 18. Rfc1 Qc4 19. h3 a5 20. Ne4
Rd8 21. Ng5 Nf6 22. Rab1 h6 23. Nf3 Ba6 24. Be3 Nd5 25. Bd2 Rab8 26. Ne5 Qc7
27. Rxb8 Rxb8 28. Nf3 Rc8 29. Qa4 Bc4 30. Rb1 Be2 31. Nd4 Bd3 32. Rc1 Qb6 33.
Qb3 Qxb3 34. Nxb3 a4 35. Na5 Bc4 36. g3 Kf8 37. f4 Ke7 38. Kf2 Kd6 39. Nxc4+
Rxc4 40. Ke2 Nb6 41. Kd3 Kd5 1/2-1/2

[Event "Mistrovstvi CR senioru 2016 nad 70 let"]
[Site "Pelclovo divadlo Rychnov nad K"]
[Date "2016.08.28"]
[Round "9.12"]
[White "Kosek, Lubomir"]
[Black "Maly, Jiri"]
[Result "1-0"]
[WhiteElo "1737"]
[BlackElo "1657"]
[PlyCount "101"]
[EventDate "2016.08.20"]

1. e4 c5 2. Nf3 Nc6 3. d4 cxd4 4. Nxd4 Nf6 5. Nc3 e5 6. Nf5 d5 7. exd5 Bxf5 8.
dxc6 Qxd1+ 9. Nxd1 bxc6 10. Ne3 Be6 11. b3 Bb4+ 12. Bd2 Bxd2+ 13. Kxd2 Ne4+ 14.
Ke1 Rd8 15. Bd3 Nc5 16. Bc4 Bxc4 17. Nxc4 f6 18. Na5 Rc8 19. Rd1 Ke7 20. f3 Ne6
21. Kf2 c5 22. Rd5 Rhd8 23. Rhd1 Nd4 24. Rxd8 Rxd8 25. c3 Rc8 26. cxd4 cxd4 27.
Nc4 a5 28. Rd2 Rc5 29. f4 Ke6 30. Kf3 a4 31. fxe5 fxe5 32. Ke4 axb3 33. axb3
Rb5 34. Rd3 g6 35. g4 Rc5 36. g5 Rb5 37. Rf3 Rc5 38. Rf6+ Ke7 39. Nxe5 d3 40.
Nxd3 Rxg5 41. Rf2 h5 42. b4 Rg4+ 43. Kd5 Rg1 44. Rb2 g5 45. b5 Rd1 46. Ke4 Rf1
47. b6 Rf8 48. b7 Rb8 49. Nc5 Kd6 50. Na6 Re8+ 51. Kd4 1-0